| 000 | 00374nam a2200157Ia 4500 | ||
|---|---|---|---|
| 003 | OSt | ||
| 005 | 20240301114544.0 | ||
| 008 | 170524s9999 xx 000 0 und d | ||
| 020 | _a978-0070666917 | ||
| 040 | _cIIMT UNIVERSITY | ||
| 100 | _aRamachandra | ||
| 245 | 0 | _aFinacial Accounting for management | |
| 260 |
_aNew Delhi _bTMH _c2008 |
||
| 300 | _a624 | ||
| 942 |
_2ddc _c02 |
||
| 999 |
_c3095 _d3095 |
||